|
|
|
|
| LEADER |
01333nam a22002897a 4500 |
| 001 |
41881 |
| 003 |
BD-DhAAL |
| 008 |
231010t2004 |||||||| b||| 00| 0 ben d |
| 020 |
|
|
|a 8177560662
|
| 020 |
|
|
|a 9788177560664
|
| 040 |
|
|
|a BD-DhAAL
|c BD-DhAAL
|
| 041 |
|
|
|a ben
|
| 082 |
|
|
|a 891.44372
|2 23
|
| 100 |
|
|
|a গঙ্গোপাধ্যায়, সুনীল.
|
| 245 |
|
|
|a দশটি উপন্যাস /
|c সুনীল গঙ্গোপাধ্যায়.
|
| 264 |
|
|
|a কলকাতা :
|b আনন্দ পাবলিশার্স,
|c ২০০৪ [তৃতীয় মুদ্রণ].
|
| 300 |
|
|
|a ৬৮২ পৃষ্ঠা ;
|c ২৩ সে.মি.
|
| 504 |
|
|
|a গ্রন্থপঞ্জিগত নির্দেশিকা অন্তর্ভুক্ত।
|
| 526 |
|
|
|a BIED
|
| 541 |
|
|
|a Complimentary copy from BIED
|e 41881
|
| 650 |
|
|
|a Short stories, Bengali.
|
| 650 |
|
|
|a Bengali fiction.
|
| 650 |
|
|
|a Bengali literature.
|
| 852 |
|
|
|a Ayesha Abed Library
|c General Stacks
|
| 942 |
|
|
|2 ddc
|c BK
|
| 999 |
|
|
|c 46218
|d 46218
|
| 952 |
|
|
|0 0
|1 0
|2 ddc
|4 0
|6 891_443720000000000_GAN
|7 0
|9 74547
|a BRACUL
|b BRACUL
|c GEN
|d 2023-10-10
|e Complimentary copy from BIED
|g 300.00
|l 5
|m 29
|o 891.44372 GAN
|p 3010041881
|q 2026-04-12
|r 2025-09-03
|s 2025-09-03
|t 1
|w 2023-10-10
|y BK
|x Transferred from BIED to General Stacks
|